000 00441nam a2200157 i 4500
001 59475
003 ES-MaACL
005 20230906164035.0
007 t|
008 031029s1969 sp ||||1| cat d
100 1 _aEnsenyat, Francisca.
_947295
245 1 0 _aCiutat de l'horabaixa /
_cFrancesca Ensenyat.
260 _a[Palma de Mallorca :
_bS.S. Cors,
_c1969]
300 _a22 p. :
_bil. ;
_c22 cm.
852 _aES-MaACL
_j2071-F-9
_bR.71368
999 _c59475
_d59475